Outlines of all countries in the world (Very Hard +) - Statistics

General Stats
  • This quiz has been taken 98 times
    31 since last reset
  • The average score is 92 of 302
Answer Stats
Picture Hint Answer % Correct
Algeria
68%
Australia
68%
Chad
68%
Chile
68%
Croatia
68%
Cyprus
68%
Finland
68%
Greece
68%
Israel
68%
Mali
68%
Mexico
68%
Monaco
68%
Netherlands
68%
Papua New Guinea
68%
Senegal
68%
Somalia
68%
Turkey
68%
Austria
63%
Cuba
63%
Czech Republic
63%
Egypt
63%
France
63%
Germany
63%
India
63%
Indonesia
63%
Ireland
63%
Italy
63%
Sweden
63%
United Kingdom
63%
Vietnam
63%
Zambia
63%
Canada
58%
China
58%
Democratic Republic of the Congo
58%
Denmark
58%
Iceland
58%
Libya
58%
Mongolia
58%
Mozambique
58%
Namibia
58%
Niger
58%
Norway
58%
Russia
58%
Slovakia
58%
Spain
58%
Switzerland
58%
Thailand
58%
United States
58%
Vatican City
58%
Yemen
58%
Albania
53%
Angola
53%
Argentina
53%
Brazil
53%
Bulgaria
53%
England
53%
Eritrea
53%
Georgia
53%
Greenland
53%
Hungary
53%
Japan
53%
Madagascar
53%
Mauritania
53%
Myanmar
53%
New Zealand
53%
Philippines
53%
Portugal
53%
Saudi Arabia
53%
Serbia
53%
South Africa
53%
South Korea
53%
Sudan
53%
The Gambia
53%
Tunisia
53%
Zimbabwe
53%
Benin
47%
Bosnia and Herzegovina
47%
Cameroon
47%
Ethiopia
47%
Jordan
47%
Kosovo
47%
Laos
47%
Latvia
47%
Morocco
47%
Oman
47%
Pakistan
47%
Poland
47%
Sri Lanka
47%
Taiwan
47%
Ukraine
47%
United Arab Emirates
47%
Afghanistan
42%
Azerbaijan
42%
Bangladesh
42%
Botswana
42%
Burkina Faso
42%
Central African Republic
42%
Colombia
42%
Estonia
42%
Gabon
42%
Guinea-Bissau
42%
Haiti
42%
Hawaii
42%
Iran
42%
Iraq
42%
Kazakhstan
42%
Liechtenstein
42%
Malta
42%
Nepal
42%
North Korea
42%
Panama
42%
Romania
42%
Slovenia
42%
South Sudan
42%
Togo
42%
Trinidad and Tobago
42%
Uzbekistan
42%
Venezuela
42%
Belgium
37%
Djibouti
37%
East Timor / Timor Leste
37%
Equatorial Guinea
37%
Ghana
37%
Kyrgyzstan
37%
Liberia
37%
Lithuania
37%
Malawi
37%
Moldova
37%
Nauru
37%
Northern Cyprus
37%
Puerto Rico
37%
Republic of the Congo
37%
Sahrawi Arab Democratic Republic
37%
Scotland
37%
Sierra Leone
37%
Solomon Islands
37%
Syria
37%
Tajikistan
37%
Bahamas
32%
Belarus
32%
Belize
32%
Burundi
32%
Christmas Island
32%
Guinea
32%
Jamaica
32%
Kenya
32%
Malaysia
32%
Maldives
32%
Nigeria
32%
North Macedonia
32%
Rwanda
32%
Saint Kitts and Nevis
32%
Singapore
32%
Tanzania
32%
Uganda
32%
Bhutan
26%
Brunei
26%
Eswatini
26%
Falkland Islands
26%
Guadeloupe
26%
Guatemala
26%
Guyana
26%
Honduras
26%
Hong Kong
26%
Ivory Coast
26%
Kuwait
26%
Luxembourg
26%
New Caledonia
26%
Nicaragua
26%
Paraguay
26%
Samoa
26%
Svalbard
26%
Turkmenistan
26%
Andorra
21%
Armenia
21%
Bermuda
21%
Bolivia
21%
Cambodia
21%
Cape Verde
21%
Comoros
21%
Dominican Republic
21%
Ecuador
21%
Faroe Islands
21%
French Guiana
21%
Gibraltar
21%
Lebanon
21%
Montenegro
21%
Peru
21%
Qatar
21%
Reunion
21%
San Marino
21%
Sardinia
21%
Sicily
21%
Suriname
21%
Vanuatu
21%
Wales
21%
American Samoa
16%
Bahrain
16%
Barbados
16%
Costa Rica
16%
Fiji
16%
Grenada
16%
Hokkaido
16%
Kiribati
16%
Lesotho
16%
Macau / Macao
16%
Mauritius
16%
Mayotte
16%
Montserrat
16%
Palestine
16%
Pitcairn Islands
16%
Saint Lucia
16%
Saint-Pierre and Miquelon
16%
São Tomé and Príncipe
16%
Tuvalu
16%
Uruguay
16%
U.S. Virgin Islands
16%
Zanzibar
16%
Åland
11%
Anguilla
11%
British Indian Ocean Territory
11%
Curaçao
11%
Dominica
11%
El Salvador
11%
Isle of Man
11%
Marshall Islands
11%
Norfolk Island
11%
Palau
11%
Saba
11%
Saint-Barthélemy
11%
Saint Vincent and the Grenadines
11%
Seychelles
11%
Somaliland
11%
Tibet Autonomous Region
11%
Tokelau
11%
Antigua and Barbuda
5%
Aosta Valley
5%
Bavaria
5%
British Virgin Islands
5%
Catalonia
5%
Cayman Islands
5%
Chechnya
5%
Cocos Islands
5%
Federated States of Micronesia
5%
French Polynesia
5%
Friuli Venezia Giulia
5%
Guam
5%
Karakalpakstan
5%
Martinique
5%
Mordovia
5%
Northern Ireland
5%
Okinawa
5%
Saint Helena
5%
Saint-Martin
5%
Sint Maarten
5%
Transnistria
5%
Trentino-Alto Adige/Südtirol
5%
Xinjiang
5%
Abkhazia
0%
Adjara
0%
Adygea
0%
Altai
0%
Aruba
0%
Ascension
0%
Bailiwick of Guernsey
0%
Bailiwick of Jersey
0%
Bashkortostan
0%
Basque Country
0%
Bonaire
0%
Buryatia
0%
Chuvashia
0%
Cook Islands
0%
Dagestan
0%
Easter Island
0%
French Southern and Antarctic Lands
0%
Gagauzia
0%
Gorno-Badakhshan
0%
Ingushetia
0%
Kabardino-Balkaria
0%
Kalmykia
0%
Karachay-Cherkessia
0%
Karelia
0%
Khakassia
0%
Komi
0%
Kurdistan
0%
Mari El
0%
Niue
0%
Northern Mariana Islands
0%
North ossetia
0%
Occitania
0%
Oninawa
0%
Sakha (Yakutia)
0%
Sint Eustatius
0%
South ossetia
0%
Tatarstan
0%
Tonga
0%
Tristan da Cunha
0%
Turks and Caicos Islands
0%
Tuva
0%
Udmurtia
0%
Vojvodina
0%
Wallis and Futuna
0%
No matching quizzes found
Score Distribution
Percent of People with Each Score
Percentile by Number Answered
Your Score History
You have not taken this quiz since the last reset